| 000 | 01043cam a2200349 a 4500 | ||
|---|---|---|---|
| 001 | 14370522 | ||
| 003 | OSt | ||
| 005 | 20140310184351.0 | ||
| 008 | 060509r20052003nyuab j b 000 0 eng d | ||
| 010 | _a 2006276183 | ||
| 020 | _a0439791278 | ||
| 035 | _a(OCoLC)ocm61821939 | ||
| 040 |
_aBVD _cBVD _dIHI _dDLC |
||
| 042 | _alccopycat | ||
| 050 | 0 | 0 |
_aD 743.7 _b.D68 2005 |
| 100 | 1 |
_aDowswell, Paul. _922161 |
|
| 245 | 1 | 0 |
_aTrue stories of the second world war / _cPaul Dowswell. |
| 260 |
_aNew York : _bScholastic Inc., _c2005 |
||
| 300 |
_a169 p. : _bill. ; _c20 cm. |
||
| 521 | _aG12 | ||
| 526 | _c1110 | ||
| 650 | 0 |
_aWorld War, 1939-1945 _vJuvenile literature. _925082 |
|
| 650 | 1 |
_aWorld War, 1939-1945. _925083 |
|
| 906 |
_a7 _bcbc _ccopycat _d2 _encip _f20 _gy-gencatlg |
||
| 942 |
_2lcc _cBK-SCHOLAS |
||
| 999 |
_c33933 _d33933 |
||